Normal view MARC view
  • Empresas

Entry Materia

Number of records used in: 139

001 - NÚMERO DE CONTROL DEL REGISTRO

  • campo de control: 229

003 - IDENTIFICADOR DE NUMERO DE CONTROL

  • campo de control: MX-MxUPN

005 - FECHA Y HORA DE LA ÚLTIMA TRANSACCIÓN

  • campo de control: 20240927103552.0

008 - DATOS DE LONGITUD FIJA

  • campo de control de longitud fija: 240927n||acnnnbabn | a|a |d

035 ## - NÚMERO DE CONTROL DEL SISTEMA

  • Número de control del sistema: UPN10000000229

040 ## - FUENTE DE LA CATALOGACIÓN

  • Lengua de catalogación: spa
  • Agencia de transcripción: MX-MxUPN
  • Centro catalogador de origen: MX-MxUPN

150 ## - ENCABEZAMIENTO - TEMÁTICO

  • Término de materia o nombre geográfico como elemento inicial: Empresas
  • Subdivisión de materia general: Administración

450 ## - VÉASE - MATERIA

  • Encabezamiento temático: Administración de empresas

450 ## - VÉASE - MATERIA

  • Encabezamiento temático: Empresas -
  • Subdivisión temática general: Dirección y administración

670 ## - FUENTE EN LA QUE SE LOCALIZARON DATOS

  • Cita de la fuente: R

670 ## - FUENTE EN LA QUE SE LOCALIZARON DATOS

  • Cita de la fuente: Autoridades BGTQ, 27 septiembre 2024 :
  • Información localizada: (Empresas -- Administración)

902 ## - CATALOGADOR

  • Catalogador: BEC/190996
  • Catalogador: MaríaRobles/270924